Detalles MARC
| 000 -CABECERA |
| campo de control de longitud fija |
03108nam a2200325Ka 4500 |
| 001 - NÚMERO DE CONTROL |
| campo de control |
000007707 |
| 003 - IDENTIFICADOR DEL NÚMERO DE CONTROL |
| campo de control |
DO-SdBNP |
| 005 - FECHA Y HORA DE LA ÚLTIMA TRANSACCIÓN |
| campo de control |
20260305073956.0 |
| 008 - DATOS DE LONGITUD FIJA--INFORMACIÓN GENERAL |
| campo de control de longitud fija |
090907s2002 dr c 001 0 spa d |
| 020 ## - NÚMERO INTERNACIONAL ESTÁNDAR DEL LIBRO |
| Número Internacional Estándar del Libro |
9993461261 |
| 040 ## - FUENTE DE LA CATALOGACIÓN |
| Centro catalogador/agencia de origen |
DO-SdBNP |
| Lengua de catalogación |
spa |
| Centro/agencia transcriptor |
BNPHU |
| 082 ## - NÚMERO DE LA CLASIFICACIÓN DECIMAL DEWEY |
| Número de clasificación |
324.97293 |
| Número de documento/Ítem |
C389c |
| 100 1# - ENTRADA PRINCIPAL--NOMBRE DE PERSONA |
| Nombre de persona |
Cedano, Mario J., |
| Fechas asociadas al nombre |
1959 - |
| 9 (RLIN) |
21378 |
| 245 10 - MENCIÓN DE TÍTULO |
| Título |
Cómo defender al gobierno de Hipólito Mejía / |
| Mención de responsabilidad, etc. |
Mario J. Cedano, J. Estévez Aristy. |
| 260 ## - PUBLICACIÓN, DISTRIBUCIÓN, ETC. |
| Lugar de publicación, distribución, etc. |
Santo Domingo : |
| Nombre del editor, distribuidor, etc. |
Búho, |
| Fecha de publicación, distribución, etc. |
2002. |
| 300 ## - DESCRIPCIÓN FÍSICA |
| Extensión |
301 p. : |
| Otras características físicas |
retrs. ; |
| Dimensiones |
24 cm. |
| 490 1# - MENCIÓN DE SERIE |
| Mención de serie |
José Francisco Peña Gómez ; |
| Designación de volumen o secuencia |
2 |
| 500 ## - NOTA GENERAL |
| Nota general |
Incluye índice onómastico |
| 505 2# - NOTA DE CONTENIDO CON FORMATO |
| Nota de contenido con formato |
Preámbulo -- Carta-Prólogo del Presidente Hipólito Mejía -- Cómo responder párrafo por parráfo el discurso crítico de Leonel Fernández sin reino en contra del gobierno de Hipólito Mejía -- Cómo responder a las nuevas críticas electorales de Leonel Fernández sin reino en contra del gobierno del PRD -- Qué decir frente a los críticos del área educativa del gobierno blanco -- Cuáles argumentos usar frente a los que critican al gobierno en materia agrícola -- 50,000 razones fundamentales para desmentir a los que señalan que este gobierno no hace nada por los pobres -- Argumentos imbatibles frente a los que magnifican el fenómeno delicuencial en la República Dominicana -- Defensa del gobierno de Hipólito Mejía frente a los que magnifican lo que algunos llaman el endeudamiento externo del país -- Defensa a la lucha anticorrupción del Partido Revolucionario Dominicano -- Razonamientos fundamentales sobre la política de obras realizadas por el nuevo gobierno -- Ejecuciones del PRD en las restantes provincias que conforman la zona fronteriza de la geografía nacional -- Ejecuciones del PRD en las restantes provincias que conforman el Cibao central de la geografía nacional -- Ejecuciones del PRD en las restantes provincias que conforman la región nordeste de la geografía nacional -- Ejecuciones del PRD en las restantes provincias que conforman la región este de la geografía nacional -- La mejor defensa contra los que ven catastrófica la política de agua potable de las actuales autoridades -- Defensa al gobierno de Hipólito Mejía en materia de salud -- Defensa a los logros de las autoridades monetarias del gobierno del PRD -- Manual de defensa deportiva para el gobierno dominicano presidido por el ingeniero agrónomo Hipólito Mejía -- Defienda la política de viviendas del nuevo gobierno del PRD, empezando por la frase: Hipólito techa al país -- La mejor defensa a la CDE -- Cómo responder a las críticas del área cultural |
| 590 ## - NOTA LOCAL (RLIN) |
| Nota local |
Inventariado, 2018/BT |
| 600 14 - PUNTO DE ACCESO ADICIONAL DE MATERIA--NOMBRE DE PERSONA |
| Nombre de persona |
Mejía, Hipólito , |
| Fechas asociadas al nombre |
1941- |
| 9 (RLIN) |
21379 |
| 600 10 - PUNTO DE ACCESO ADICIONAL DE MATERIA--NOMBRE DE PERSONA |
| Nombre de persona |
Fernández, Leonel, |
| Fechas asociadas al nombre |
1953- |
| 9 (RLIN) |
7291 |
| 650 #0 - PUNTO DE ACCESO ADICIONAL DE MATERIA--TÉRMINO DE MATERIA |
| Término de materia o nombre geográfico como elemento de entrada |
Administración pública |
| 9 (RLIN) |
9266 |
| 650 #4 - PUNTO DE ACCESO ADICIONAL DE MATERIA--TÉRMINO DE MATERIA |
| Término de materia o nombre geográfico como elemento de entrada |
Tácticas políticas |
| Subdivisión geográfica |
República Dominicana |
| 9 (RLIN) |
3009 |
| 651 #0 - PUNTO DE ACCESO ADICIONAL DE MATERIA--NOMBRE GEOGRÁFICO |
| Nombre geográfico |
República Dominicana |
| Subdivisión general |
Política y gobierno |
| 9 (RLIN) |
45 |
| 700 1# - PUNTO DE ACCESO ADICIONAL--NOMBRE DE PERSONA |
| Nombre de persona |
Estévez Aristy, J. |
| 9 (RLIN) |
21380 |
| 830 #0 - PUNTO DE ACCESO ADICIONAL DE SERIE-TÍTULO UNIFORME |
| Título uniforme |
José Francisco Peña Gómez ; |
| Número de parte o sección de la obra |
2 |
| 9 (RLIN) |
21381 |
| 910 ## - DATOS DE OPCIÓN DEL USUARIO (OCLC) |
| Datos de opción del usuario |
Validado. Control de calidad. MMOLINA |
| 942 ## - ELEMENTOS DE PUNTO DE ACCESO ADICIONAL (KOHA) |
| Fuente del sistema de clasificación o colocación |
Dewey Decimal Classification |
| Tipo de ítem Koha |
Libro |